Ground water in San Joaquin Valley, California / (Record no. 25657)

MARC details
000 -LEADER
fixed length control field 01469cam a22003011 4500
001 - CONTROL NUMBER
control field gs 16000347
003 - CONTROL NUMBER IDENTIFIER
control field DLC
005 - DATE AND TIME OF LATEST TRANSACTION
control field 20260227111319.0
007 - PHYSICAL DESCRIPTION FIXED FIELD--GENERAL INFORMATION
fixed length control field cr_|||||||||||
008 - FIXED-LENGTH DATA ELEMENTS--GENERAL INFORMATION
fixed length control field 810220s1916 dcubf f000 0 eng c
010 ## - LIBRARY OF CONGRESS CONTROL NUMBER
LC control number gs 16000347
035 ## - SYSTEM CONTROL NUMBER
System control number (OCoLC)7145111
040 ## - CATALOGING SOURCE
Original cataloging agency U.S.Geol.Survey. Library
Transcribing agency CMJ
Modifying agency OCoLC
-- DLC
050 00 - LIBRARY OF CONGRESS CALL NUMBER
Classification number TC801
Item number .U2 no. 398
051 ## - LIBRARY OF CONGRESS COPY, ISSUE, OFFPRINT STATEMENT
Classification number GB1025.C2
Item number M66
100 1# - MAIN ENTRY--PERSONAL NAME
Personal name Mendenhall, Walter C.
Fuller form of name (Walter Curran),
Dates associated with a name 1871-1957.
245 10 - TITLE STATEMENT
Title Ground water in San Joaquin Valley, California /
Statement of responsibility, etc. by W.C. Mendenhall, R.B. Dole and Herman Stabler.
260 ## - PUBLICATION, DISTRIBUTION, ETC.
Place of publication, distribution, etc. Washington :
Name of publisher, distributor, etc. Govt. Print. Off.,
Date of publication, distribution, etc. 1916.
300 ## - PHYSICAL DESCRIPTION
Extent 310 p., [14] leaves of plates :
Other physical details maps (some fold.), tables, diagrs.
Dimensions 23 cm.
440 #0 - SERIES STATEMENT/ADDED ENTRY--TITLE
Title Geological Survey water-supply paper ;
Volume/sequential designation 398
501 ## - WITH NOTE
With note TC801.U2 no. 398 with: Ground water in the Waterbury area, Connecticut / by Arthur J. Ellis under the direction of Herbert E. Gregory ; prepared in cooperation with the Connecticut State Geological and Natural History Survey. Washington : Govt. Print. Off., 1916. Bound together subsequent to publication.
Institution to which field applies DLC
530 ## - ADDITIONAL PHYSICAL FORM AVAILABLE NOTE
Additional physical form available note Also available in digital form on the Internet Archive Web site.
651 #0 - SUBJECT ADDED ENTRY--GEOGRAPHIC NAME
Geographic name San Joaquin Valley (Calif.)
650 #0 - SUBJECT ADDED ENTRY--TOPICAL TERM
Topical term or geographic name entry element Water-supply
Geographic subdivision California
-- San Joaquin River Valley.
700 1# - ADDED ENTRY--PERSONAL NAME
Personal name Stabler, Herman,
Dates associated with a name 1880-
700 1# - ADDED ENTRY--PERSONAL NAME
Personal name Dole, Richard B.
Fuller form of name (Richard Bryant),
Dates associated with a name 1880-1917.
856 41 - ELECTRONIC LOCATION AND ACCESS
Uniform Resource Identifier <a href="http://hdl.loc.gov/loc.gdc/scd0001.00199536254">http://hdl.loc.gov/loc.gdc/scd0001.00199536254</a>

No items available.

Powered by Koha